000 00407nam a2200133Ia 4500
008 201002s9999 xx 000 0 und d
020 _a978-081-539-230-9
100 _aNagel, Claudia
245 _cClaudia Nagel
_aPsychodynamic coaching:
_bdistinctive features/
260 _aLondon:
_bRoutledge
_c2020
300 _axiii, 162 pages
_c15 cm.
650 _aPersonal coaching
650 _aPsychodynamic theraphy
999 _c364681
_d364681